000 01561nam a2200469 i 4500
001 1349
003 KOSZ 005
005 20251119063632.0
008 071025s1971 pl a f f 001 0 pol
015 _aPB 1971/11056
035 _a(PL-WaBN)b20113468-48omnis_nlop
035 _ab20113468
035 _a(OCoLC)839031406
035 _a(PL)b0000002011346
040 _aWA N
_cWA N
_dKOSZ 005/RW
046 _k1971
080 _a532
080 _a533
080 _a(075.8)
100 1 _aProsnak, Włodzimierz J.
_d(1925-2014)
_eAutor
245 1 0 _aMechanika płynów.
_nT. 2,
_pDynamika gazów /
_cWłodzimierz J. Prosnak.
260 _aWarszawa :
_bPaństwowe Wydawnictwo Naukowe,
_c1971.
300 _a412 stron, [2] karty tablic :
_bilustracje, errata ;
_c25 cm.
336 _aTekst
_btxt
_2rdacontent
337 _aBez urządzenia pośredniczącego
_bn
_2rdamedia
338 _aWolumin
_bnc
_2rdacarrier
380 _aKsiążki
388 _a1901-2000
504 _aBibliografia na stronach [390]-393. Indeks.
546 _aSpis treści także ang., ros.
580 _aT. 1 poz. 67/71.
658 _aFizyka i astronomia
658 _aInżynieria i technika
655 7 _aPodręczniki akademickie
_2DBN
650 7 _aDynamika
650 7 _aHydrodynamika
_2DBN
650 7 _aGazy
_2DBN
710 2 _aPaństwowe Wydawnictwo Naukowe
_4pbl.
856 _uhttp://koha.tu.koszalin.pl/cgi-bin/koha/opac-detail.pl?biblionumber=1349
_yKatalog online BPK
942 _2UKD
_cKS
999 _c1349
_d1349